| 000 | 00577nam a2200181 i 4500 | ||
|---|---|---|---|
| 001 | 95718 | ||
| 003 | ES-MaACL | ||
| 005 | 20230906181747.0 | ||
| 007 | t| | ||
| 008 | 050602s1952 sp ||||1| spa d | ||
| 100 | 1 |
_aLlosent y Marañón, Eduardo. _972933 |
|
| 245 | 1 | 0 |
_aOrtega Muñoz / _cEduardo Llosent y Marañon; traducción al inglés de David G. Rowlands. |
| 250 | _a[1ª ed.]. | ||
| 260 |
_aMadrid : _b[s.n.], _c1952 ( _fBlass) |
||
| 300 |
_a88 p., 3 h., 33 lám. neg. y col. ; _c25 cm. |
||
| 700 | 1 |
_aRowlands, David G. _9100184 |
|
| 852 |
_aES-MaACL _jC-5717 _bR.33416 |
||
| 999 |
_c95718 _d95718 |
||